| 000 | 00752nam a2200229 a 4500 | ||
|---|---|---|---|
| 001 | BRCA_8308 | ||
| 005 | 20190320210224.0 | ||
| 008 | 230614s1954----nyua###f##---#001-0#eng-# | ||
| 041 | _aeng | ||
| 044 | _anyu | ||
| 050 | 4 |
_aN410 _b.T5 1954 |
|
| 245 | 1 | 0 |
_aTreasures of the Great National Galleries _can introduction to the paints by Hans Tietze. |
| 260 |
_aNueva York _bPhaidon _c1954 |
||
| 300 |
_a424 p. _bil. (algunas a color), 300 láminas _c27 cm. |
||
| 500 | _aIncluye nota bibliográfica e índice de ilustraciones | ||
| 500 | _aS134 | ||
| 650 | 1 | 4 |
_aArte en museos _vColeccionistas y colecciones _920741 |
| 650 | 1 | 4 |
_aGalerías y museos _vTesoros artísticos _920742 |
| 700 | 1 |
_aTietze, Hans _eintr. _913804 |
|
| 902 | _aGFM | ||
| 942 |
_2lcc _cB |
||
| 999 |
_c7976 _d7976 |
||